Knižnice pre 21. storočie materiály z 2. slovenského knihovníckeho kongresu konaného 22.-24.11.1999 v Košiciach

Gespeichert in:
Bibliographische Detailangaben
Weitere Verfasser: Trgiňa, Tibor
Format: Buch
Sprache:Slowakisch
Veröffentlicht: Bratislava Spolok slovenských knihovníkov 1999
Schlagworte:
Tags: Tag hinzufügen
Keine Tags, Fügen Sie das erste Tag hinzu!

MARC

LEADER 00000nam a2200000 4500
001 c122548
005 20221102132720.8
020 |a 80-85165-79-1 
041 0 |a slo 
044 |a SK 
245 1 0 |a Knižnice pre 21. storočie  |b materiály z 2. slovenského knihovníckeho kongresu konaného 22.-24.11.1999 v Košiciach  |c zostavil Tibor Trgiňa 
264 1 |a Bratislava  |b Spolok slovenských knihovníkov  |c 1999 
300 |a 248 s. 
610 2 0 |a knižnice 
610 2 0 |a knihovníctvo 
700 1 |a Trgiňa, Tibor